000 00767cam a2200181 a 4500
020 _a0821339060 (pbk.)
082 0 0 _a306.0958
_bSOC
_cD
245 0 0 _aSocial assessments for better development :
_bcase studies in Russia and Central Asia /
_cMichael M. Cernea and Ayse Kudat, editors ; introduction by Johannes Linn and Ismail Serageldin.
260 _aWashington, D.C. :
_bWorld Bank,
_cc1997.
300 _axviii, 207 p. :
_bcol. ill. ;
_c28 cm.
526 _a0
_b0
_c0
_d306_095800000000000_SOC
650 0 _aCoal trade
_zRussia (Federation)
_xCase studies.
_937634
650 0 _aEconomic development projects
_zAsia, Central
_xCase studies.
_937635
650 0 _aNUST
_96342
700 1 _aCernea, Michael M.
_936400
700 1 _aKudat, Ayşe.
_937636
942 _2ddc
_cBK
999 _c542453
_d542453